000 00505cab a2200229 4500
001 WB3534-34
008 090401t1999 xxu||||| |||| 00| 0 eng d
035 _a(Sirsi) u164
041 _aeng
245 _aFarming crisis
260 _c1999
350 _a0
490 _aIndependent
_v28 August 1999, 1(1)
650 _aCRISIS
650 _aECONOMIC FACTORS
650 _aFARM PRODUCE
650 _aFARMING
650 _aOVERSUPPLY
690 _aRURAL PRACTICE
942 _n0
948 _c02/09/1999
999 _c67
_d67